000 00640nam a22002057a 4500
003 BUBTL
008 210324b xxu||||| |||| 00| 0 eng d
020 _a984-8173-05-6
082 _a343.0565492/FAL
100 _aFarooque, Mohiuddin
_94103
245 _aLaw and Custom on Forests in Bangladesh: Issues & Remedies
_bMohiuddin Farooque
250 _a1st ed.
260 _aDhaka
_bBangladesh Environmental Lawyers Association (BELA)
_cc1997
300 _a[xvii] , 308p . :
_b21cm.
650 _aLaw
_94104
700 _aMohiuddin Farooque
_94105
856 _k0
_l0
_yDownload
942 _2ddc
_cBK
999 _c6499
_d6499